Diophantine geometry
Zapisane w:
| 1. autor: | |
|---|---|
| Format: | Książka |
| Język: | angielski |
| Wydane: |
Nueva York
Interscience
1962
|
| Seria: | Interscience Tracts in Pure and Applied Mathematics, 11
|
| Hasła przedmiotowe: | |
| Etykiety: |
Dodaj etykietę
Nie ma etykietki, Dołącz pierwszą etykiete!
|
MARC
| LEADER | 00000nam a2200000 a 4500 | ||
|---|---|---|---|
| 001 | UCP1587 | ||
| 003 | CL-VaPUC | ||
| 008 | 990416e19620000US |||||||||||||||||eng|d | ||
| 082 | 0 | 4 | |a 516.35 |b LAN |2 21 |
| 100 | |a Lang, Serge |9 719911 | ||
| 245 | 1 | 0 | |a Diophantine geometry |
| 300 | |a 170 p | ||
| 942 | |c BK | ||
| 945 | |d 19990416 00:00:00 |a crobeson | ||
| 260 | |a Nueva York |b Interscience |c 1962 | ||
| 650 | 0 | |a Geometría algebraica |9 270327 | |
| 650 | 0 | |a Valor absoluto |9 385925 | |
| 650 | 7 | |a TEORIA DE HILBERT |2 CL-VaPUC |9 427719 | |
| 583 | |a last modification |c 19990416 00:00:00 |k Rodrigo Vera | ||
| 490 | 0 | |a Interscience Tracts in Pure and Applied Mathematics, 11 | |
| 999 | |c 280254 |d 280252 | ||